| 000 | 00502nam a2200169 i 4500 | ||
|---|---|---|---|
| 001 | 149983 | ||
| 003 | ES-MaACL | ||
| 005 | 20230906203332.0 | ||
| 007 | t| | ||
| 008 | 071025s1916 xxu ||||1| eng d | ||
| 100 | 1 |
_aCambre, E. Valle. _934042 |
|
| 245 | 1 | 4 |
_aThe economic future of Mexico / _cby E. Valle Cambre. |
| 260 |
_aNew York : _bLatin-American News Association, _c[1916?] |
||
| 300 |
_a19 p. ; _c23 cm. |
||
| 651 | 4 |
_aMéxico- _xSituación económica. _9150095 |
|
| 852 |
_aES-MaACL _j1565-F-7 |
||
| 999 |
_c149983 _d149983 |
||